03621nam a2200313 i 4500003000500000005001700005008004100022040002900063090002400092100003300116245022700149260007300376300001700449336002100466337002700487338002300514502010200537504004200639520220600681700003302887700003802920720004602958720004103004720003703045720003803082942004203120952012803162999001703290CSPC20260312162205.0260312s2025 ph a b 000 0 eng d aCSPC beng cCSPC erda  aUTH BSOA B125m 20251 aBacho, Viclyn D., eauthor. 12aA methodological investigation on the level of research skills of Bachelor of Science in Office Administration students in a state college in the Philippines / cViclyn D. Bacho, Bernard Baduria, and Rosa May T. Bagasala.  aBuhi, Camarines Sur : bCamarines Sur Polytechnic Colleges, c2025.  a151 leaves.  2rdacontentatext 2rdamedia aunmediated  2rdacarrieravolume aUndergraduate Thesis (BSOA) - Office Administration. cCamarines Sur Polytechnic Colleges, 2025.  aIncludes bibliographical references. 3 aThis study investigates the level of research skills of Bachelor of Science in Office Administration (BSOA) students in a state college in the Philippines, with particular emphasis on their competencies in problem identification, literature review, research design, data analysis, and academic writing. Employing a descriptive-evaluative research design, the study utilized validated survey questionnaires administered to 153 third and fourth-year students to determine their level of proficiency and to identify the challenges they encounter in fulfilling research requirements. Descriptive statistics and thematic analysis were applied to interpret the data, while appropriate statistical tests were used to examine the relationship between students' demographic profiles and their research skill levels. The findings indicate that although students generally demonstrate a moderate understanding of basic research concepts, many experience significant difficultly in more technical aspects of research, including synthesizing related literature, constructing sound methodologies, interpreting and analyzing data, and adhering to academic writing conventions. These challenges are further compounded by limited access to scholarly resources, lack of familiarity with research tools and software, inadequate mentoring and guidance from faculty, and time constraints brought about by academic and personal responsibilities. The study also reveals that support mechanisms such as consistent faculty supervision, availability of reference materials, and access to technical assistance play a crucial role in influencing students' performance in research writing and completion. Based on these findings, the study underscores the need for strengthened research instruction, enhanced mentoring systems, and improved institutional support to effectively address existing skill gaps. An action plan is proposed to improve research training initiatives and foster a more supportive and research-oriented academic culture within the BSOA program. Overall, the results aim to inform curriculum refinement and contribute to better preparation of students for research-related academic and administrative tasks. 1 aBaduria, Bernard, eauthor. 1 aBagasala, Rosa May T., eauthor. 1 aTañamor, Ma. Bernadette O., eadviser. 1 aLuzon, April Z., epanelist, chair. 1 aVillar, Mariber M., epanelist. 1 aAdriano, Rolando B., epanelist.  2ddcn0cUMhB125m iBSOA kUTH m2025 00102ddc4070aBUHIbBUHIcUTHd2026-02-23l0oUTH BSOA B125m 2025p00267UM-BUHr2026-03-12 00:00:00t1-1w2026-03-12yUM c32052d32052